00547nam a2200169Ia 4500001001000000003000500010008004100015010001100056040000900067082002100076111009700097245008300194260003000277300000700307650002700314650003600341Para_7058CHAP220125s1959 xx 000 0 und d a205885 cCHAP aPA 633.6 C6 1959 aCongreso de la Sociedad Internacional de Tecnológos Azucareros (10: 1959: Honolulu, Hawai) aInforme /c por Instituto para el mejoramiento de la Producción de Azúcar aMéxico :b El Instituto av. aAzúcar x congresos  aCaña de azúcar x congresos